| 000 | 00592nam a22001337a 4500 | ||
|---|---|---|---|
| 040 | _cRUA | ||
| 082 | _aAGR RAT 2017 B655 Or.1 | ||
| 100 | _aRATH SREYMOM, រ័ត្ន ស្រីមុំ | ||
| 245 | _acomp arison of bok choy (brassica rapa ) cultivars on growth and yield ,ការប្រៀបធៀបពូជស្ពៃតឿលើការលូតលាស់និងទិន្នផល | ||
| 260 |
_aphnom penh _bRUA _c2017 |
||
| 300 |
_aix; 38p; _bill; _c29cm; |
||
| 856 | _uhttps://drive.google.com/file/d/1gf8uB57PtgmiQ7hZiJPynU6WIoUPOjf9/view?usp=sharing | ||
| 942 | _cAGR | ||
| 999 |
_c18765 _d18765 |
||